A short guide to English style / (Record no. 7292)
[ view plain ]
| 000 -LEADER | |
|---|---|
| fixed length control field | 00814nam a22002652 4500 |
| 001 - CONTROL NUMBER | |
| JCCL Control Number | 7292 |
| 003 - CONTROL NUMBER IDENTIFIER | |
| JCCL marc code | UkOxU |
| 005 - DATE AND TIME OF LATEST TRANSACTION | |
| control field | 20180303205301.0 |
| 008 - FIXED-LENGTH DATA ELEMENTS--GENERAL INFORMATION | |
| fixed length control field | 850426s1964 enk 001 0 eng d |
| 035 ## - SYSTEM CONTROL NUMBER | |
| system control number | OCLC ocm11966839 from D970310M |
| 040 ## - CATALOGING SOURCE | |
| Original cataloging agency | GZO |
| Transcribing agency | GZO |
| Modifying agency | UKM |
| -- | EQO |
| 041 ## - LANGUAGE CODE | |
| Language code of Book | eng |
| 082 04 - DEWEY DECIMAL CLASSIFICATION NUMBER | |
| Classification number | 820.9 |
| DDC Edition number | 18 |
| Author mark and Year | WAR 1964 |
| 090 ## - LOCALLY ASSIGNED LC-TYPE CALL NUMBER (OCLC); LOCAL CALL NUMBER (OCLC) | |
| Classification number (OCLC) (R) ; Classification number, CALL (RLIN) (NR) | PE1408 |
| Local cutter number (OCLC) ; Book number/undivided call number, CALL (RLIN) | .W37 1964 |
| 100 1# - MAIN ENTRY--PERSONAL NAME | |
| Personal name | Warner, Alan, |
| Dates associated with a name | 1912- |
| 245 12 - TITLE STATEMENT | |
| Title | A short guide to English style / |
| Statement of responsibility, etc | [by] Alan Warner. |
| 260 ## - PUBLICATION, DISTRIBUTION, ETC. (IMPRINT) | |
| Place of publication, distribution, etc | London : |
| Name of publisher, distributor, etc | English Language Book Society and Oxford University Press, |
| Date of publication, distribution, etc | 1964. |
| 300 ## - PHYSICAL DESCRIPTION | |
| Pagination | viii, 198 p. : |
| Dimensions | 22 cm. |
| 490 0# - SERIES STATEMENT | |
| Series statement | Aids to English series |
| 504 ## - BIBLIOGRAPHY, ETC. NOTE | |
| Bibliography, etc | Includes bibliography and index. |
| 650 #0 - SUBJECT ADDED ENTRY--TOPICAL TERM | |
| Topical term or geographic name as entry element | English language |
| General subdivision | Rhetoric. |
| 650 #0 - SUBJECT ADDED ENTRY--TOPICAL TERM | |
| Topical term or geographic name as entry element | English language |
| General subdivision | Composition and exercises. |
| 942 ## - ADDED ENTRY ELEMENTS (KOHA) | |
| Source of classification or shelving scheme | Dewey Decimal Classification |
| Koha item type | Books |
| Source of classification or shelving scheme | Damaged status | Not for loan | Home library | Current library | Shelving location | Date of accession | Total Checkouts | Full call number | Barcode | Date last seen | Copy number | Koha item type |
|---|---|---|---|---|---|---|---|---|---|---|---|---|
| Dewey Decimal Classification | JCC Rouf Library | JCC Rouf Library | General Stacks | 02/07/2018 | 820.9 WAR 1964 | 8920 | 02/07/2018 | C - 1 | Books | |||
| Dewey Decimal Classification | JCC Rouf Library | JCC Rouf Library | General Stacks | 820.9 WAR 1964 | 11509 | 03/03/2018 | C - 2 | Books | ||||
| Dewey Decimal Classification | JCC Rouf Library | JCC Rouf Library | General Stacks | 820.9 WAR 1964 | 11447 | 03/03/2018 | C - 3 | Books |